Jonathan Edwards and the Bible (Record no. 2471)
[ view plain ]
| 000 -LEADER | |
|---|---|
| fixed length control field | 01506nam a22003134a 4500 |
| 082 04 - DEWEY DECIMAL CLASSIFICATION NUMBER | |
| Classification number | 220.6/092 |
| 100 1# - MAIN ENTRY--AUTHOR NAME | |
| Personal name | Brown, Robert E., |
| 245 10 - TITLE STATEMENT | |
| Title | Jonathan Edwards and the Bible |
| 260 ## - PUBLICATION, DISTRIBUTION, ETC. (IMPRINT) | |
| Place of publication | Bloomington : |
| Name of publisher | Indiana University Press, |
| Year of publication | c2002. |
| 300 ## - PHYSICAL DESCRIPTION | |
| Number of Pages | xxi, 292 p. |
| 505 0# - FORMATTED CONTENTS NOTE | |
| Formatted contents note | Bibliophile -- Knowing and the historical mode -- Sacred history and the common sense -- Plain obvious sensible facts -- Sacred history and the "history" of religions -- Theology in the historical mode -- Denouement. |
| 856 40 - ELECTRONIC LOCATION AND ACCESS | |
| Uniform Resource Identifier | http://site.ebrary.com/lib/rucke/Doc?id=10002953 |
No items available.
